| 000 | 01181nam a2200361 i 4500 | ||
|---|---|---|---|
| 001 | 19053 | ||
| 003 | KOSZ 005 | ||
| 005 | 20191106160729.0 | ||
| 008 | s1980 pl a f |000 0 pol | ||
| 040 |
_cKOSZ 005 _aKOSZ 005 _dKOSZ 005/EG |
||
| 041 | _apol | ||
| 046 | _k1980 | ||
| 080 | _a666.3/.7 | ||
| 100 | 1 |
_a Avgustinik, Arkadij Ivanovič _eAutor |
|
| 245 | 1 | 0 |
_aCeramika / _cA.J. Awgustinik ; tłum. z rosyjskiego Ignacy Płoński. |
| 246 | 3 | 0 | _aTyt. oryginału : Керамика |
| 260 |
_aWarszawa : _bArkady, _c1980. |
||
| 300 |
_a562, [1] s. : _bil. ; _c24 cm. |
||
| 336 |
_2rdacontent _aTekst _btxt |
||
| 337 |
_2rdamedia _aBez urządzenia pośredniczącego _bn |
||
| 338 |
_2rdacarrier _aWolumin _bnc |
||
| 380 | _aKsiążki | ||
| 380 | _aPublikacje fachowe | ||
| 388 | _a1901-2000 | ||
| 388 | _a1945-1989 | ||
| 504 | _aBibliog. s. 539-557. | ||
| 650 | 7 | _aCeramika | |
| 658 | _aArchitektura i budownictwo | ||
| 700 | 1 |
_aPłoński, Ignacy _eTłumaczenie |
|
| 710 | 2 | _aWydawnictwo Arkady | |
| 856 |
_uhttp://koha.tu.koszalin.pl/cgi-bin/koha/opac-detail.pl?biblionumber=19053 _yKatalog online BPK |
||
| 942 |
_cKS _2UKD |
||
| 999 |
_c19053 _d19053 |
||